The primer of humor research

Αποθηκεύτηκε σε:
Λεπτομέρειες βιβλιογραφικής εγγραφής
Κύριος συγγραφέας: Raskin, Victor (Συγγραφέας)
Μορφή: Βιβλίο
Γλώσσα:Αγγλικά
Έκδοση: Berlín Mouton de Gruyter 2008
Έκδοση:1a. ed
Σειρά:Humor Research, 8
Θέματα:
Ετικέτες: Προσθήκη ετικέτας
Δεν υπάρχουν, Καταχωρήστε ετικέτα πρώτοι!

MARC

LEADER 00000cam a2200000 a 4500
001 UCD7589
003 CL-VaPUC
008 170331e20080000gw |||||||||||||||||eng|d
020 |a 9783110186857 
082 0 4 |a 808.87  |b RAS  |2 21 
100 0 |a Raskin, Victor  |e author  |9 591590 
245 1 4 |a The primer of humor research 
250 |a 1a. ed 
300 |a 673 p 
942 |c BK 
945 |d 20170331 00:58:00  |a dcastane 
260 |a Berlín  |b Mouton de Gruyter  |c 2008 
650 7 |a HUMOR  |2 CL-VaPUC  |9 337105 
650 7 |a HUMOR LITERARIO  |2 CL-VaPUC  |9 350018 
650 0 |a Sátira  |9 313713 
583 |a last modification  |c 20170331 00:58:00  |k Rodrigo Vera 
490 0 |a Humor Research, 8 
999 |c 367565  |d 367563 
952 |0 0  |1 0  |3 erb  |4 0  |6 808_870000000000000_RAS_2008  |7 0  |8 A  |9 482531  |a BIBGIM  |b BIBGIM  |i 5370582  |o 808.87 RAS 2008  |p 5370582  |r 2025-01-15  |w 2019-11-24  |y BK  |z Catalogado en:20170331  |k SSL 
952 |0 0  |1 0  |3 erb  |4 0  |6 808_870000000000000_RAS_2008  |7 0  |8 A  |9 482532  |a BIBGIM  |b BIBGIM  |i 5370574  |o 808.87 RAS 2008  |p 5370574  |r 2025-01-15  |w 2019-11-24  |y BK  |z Catalogado en:20170331  |k SSL 
952 |0 0  |1 0  |3 erb  |4 0  |6 808_870000000000000_RAS_2008  |7 0  |8 A  |9 482533  |a BIBGIM  |b BIBGIM  |i 5370566  |o 808.87 RAS 2008  |p 5370566  |r 2025-01-15  |w 2019-11-24  |y BK  |z Catalogado en:20170331  |k SSL 
952 |0 0  |1 0  |3 erb  |4 0  |6 808_870000000000000_RAS_2008  |7 0  |8 A  |9 482534  |a BIBGIM  |b BIBGIM  |i 5370558  |o 808.87 RAS 2008  |p 5370558  |r 2025-01-15  |w 2019-11-24  |y BK  |z Catalogado en:20170331  |k SSL 
952 |0 0  |1 0  |3 erb  |4 0  |6 808_870000000000000_RAS_2008  |7 0  |8 A  |9 482535  |a BIBGIM  |b BIBGIM  |i 537054K  |o 808.87 RAS 2008  |p 537054K  |r 2025-01-15  |w 2019-11-24  |y BK  |z Catalogado en:20170331  |k SSL